Statistics for Nebraska State Quiz

Click here to take the quiz!

General Stats

  • This quiz has been taken 191 times
  • The average score is 8 of 12

Answer Stats

HintAnswer% Correct
CapitalLincoln
99%
Largest CityOmaha
96%
Fourth largest cityGrand Island
81%
Above is on what riverMissouri River
81%
Above is on what river?Platte River
78%
City in Iowa across from #2Council Bluffs
73%
Fifth largest cityKearney
67%
Third largest cityBellevue
55%
Chimney Rock is by what river?North Platte River
42%
Hills north of Chimney RockSand Hills
42%
River north of the aboveNiobrara River
33%
Highest PointPanorama Point
14%

Score Distribution

Percentile by Number Answered

Percent of People with Each Score

Your Score History

You have not taken this quiz